| 000 | 00474nam a2200181 i 4500 | ||
|---|---|---|---|
| 001 | bgj | ||
| 100 | 1 | _aFEUCHTWANGER, Lion. | |
| 245 | 1 | 0 |
_aGoya oder Der arge Weg der Erkenntnis : _bRoman / _cLion Feuchtwanger. |
| 260 |
_aStuttgart : _bEuropäischer Buchklub. |
||
| 300 |
_a513 s. ; _c21 cm. |
||
| 650 | 9 | _aPowieść niemiecka | |
| 040 | _cBPK | ||
| 041 | 0 | _ager | |
| 044 | _aDEU | ||
| 080 | _a821.112.2-3 | ||
| 942 | _cKS | ||
| 008 | s gw f |000 0 ger | ||
| 999 |
_c50553 _d50553 |
||
| 856 |
_uhttp://koha.tu.koszalin.pl/cgi-bin/koha/opac-detail.pl?biblionumber=50553 _yKatalog online BPK |
||